Plánovanie v moderných trendoch manažmentu

Hlavné funkcie plánovania, ich miesto v strategickom i operatívnom riadení v moderných trendoch manažmentu v súčasných podmienkach v podnikteľských organizáciách na Slovensku. Metódy a nástroje využívané v plánovacej činnosti.

Enregistré dans:
Détails bibliographiques
Auteur principal: Szabo, Ľuboslav
Autres auteurs: Grznár, Miroslav
Format: Chapitre de livre
Langue:slovaque
Sujets:
Tags: Ajouter un tag
Pas de tags, Soyez le premier à ajouter un tag!

MARC

LEADER 00000naa$a2200000$$$4500
001 0209807
005 20240502073506.5
041 0 |a slo 
044 |a SK 
245 1 0 |a Plánovanie v moderných trendoch manažmentu  |c Ľuboslav Szabo, Miroslav Grznár 
520 |a Hlavné funkcie plánovania, ich miesto v strategickom i operatívnom riadení v moderných trendoch manažmentu v súčasných podmienkach v podnikteľských organizáciách na Slovensku. Metódy a nástroje využívané v plánovacej činnosti. 
610 2 0 |a plánovanie strategické 
610 2 0 |a plánovanie operatívne 
610 2 0 |a plán strategický 
610 2 0 |a nástroje plánovania 
610 2 0 |a manažment 
610 2 0 |a riadenie 
610 2 0 |a ciele riadenia 
100 1 |a Szabo, Ľuboslav 
700 1 |a Grznár, Miroslav